000 02515cam a22002771i 4500
003 SA-RiAUC
005 20250713113110.0
008 250711s2013 le g f000 0 ara c
020 _a9786144043431
040 _aSA-RiAUC
_bara
_cSA-RiAUC
_dKAC
_erda
082 0 4 _a811.9531
_qSA-RiAUC
090 _a811.9531
_bم س م
100 1 _aمسملي، وليد
_eمؤلف.
245 1 0 _aترانيم :
_bشعر /
_cوليد مسملي.
250 _aالطبعة الأولى.
264 1 _aبيروت :
_aأبها، السعودية :
_bمؤسسة الانتشار العربي ؛
_bنادي أبها الأدبي،
_c2013
300 _a90 صفحة ؛
_c22 سم.
336 _aنص
_btxt
_2rdacontent
_3كتاب
337 _aبدون وسيط
_bn
_2rdamedia
338 _aمجلد
_bnc
_2rdacarrier
490 0 _aسلسلة البواكير ؛
_v1 / 137
520 _aإن جوهر الشعر عند وليد مسملي يتأسس على حب الخالق وحب المخلوقات بهذه الثنائية تبدو ترانيمه بما يشبه كيمياء الظاهرة الكونية بما هي تأكد على اللحظة الشعورية والسعي إلى القبض على أبديتها، تلك اللحظة وحدسها المتقد في قلب شاعرنا تنعطف بالرؤية الشعرية إلى عدة مسارات لاهية، تجترح بعض من أشكال الحياة القائمة في مجتمع الشاعر وانشغالاته ومناسباته. تحت عنوان (عرس نجدي) وهي قصيدة ألقاها الشاعر في إحدى المناسبات، يقول : "السعيدون / في ظلام الليالي / مسمليون / أشرقوا كاللآلي / يتثنى شيح الرياض / ويزهو بالخزامى على الأنان التعالي .. / الخاطبون الهوى .. / يعبون كأسا عبقريا / من فاتنات الدوالي .. / والترانيم قد ثملن .. / وضجت في هواها اللحون : "هيا تعالي". يضم الديوان قصائد متنوعة أنشدها الشاعر في مناسبات مختلفة جاءت تحت العناوين الآتية : "ومضة"، "مدرستي، "لسان"، "جولة"، "بين يدي نائم"، "سر المحبة"، "شيخ النحو"، "عرس نجدي"، "فاتنتي"، "معالم"، "رسالة".
650 7 _aالشعر العربي
_zالسعودية
_yقرن 15 هجري.
_2aucsh
942 _2ddc
_cBOOK
_n0
949 _aSA-JeALM
_d250711
_uosman123
_n1
999 _c9869
_d9869